MDQL
is popping MORE tags! Check the
thread
!
Quizzes
Events
Quiz Creation
Community
Videos
Private Events
Remove Ads
Sign In
Join for FREE
Feedback
Dark Mode
Quiz Categories
Sports
Geography
Music
Movies
Television
Just For Fun
Miscellaneous
History
Literature
Language
Science
Gaming
Entertainment
Religion
Holiday
For Kids
Quiz Lab
Recent
Popular Today
Quiz Kudos Today
Editor Picks
Curator Picks
Quizzes by...
Day
Popularity
Type
Ratings
Length
Year
Community
Subscriptions
Recent Discussions
Orange Saloon
Badges
Playlists
Quests
Create
Leaderboards
Showdown
Live 5
Trivia Bingo
Activity
Puzzle Library
Sporcle Events
Private Events
Virtual Trivia
Globe League
Become a Host
Pub Owners
SporcleCon
Opinionation
Our Games
Videos
Blog
Mobile Apps
Partnerships
Remove Ads and Go Orange
Feedback
Television
TV Characters
TV Show
Sitcom
Network
Friends
Reality Shows
Cast
South Park
Star Trek
The Simpsons
Doctor Who
Television
TV Characters
TV Show
Sitcom
Network
Friends
Reality Shows
Cast
South Park
Star Trek
The Simpsons
Doctor Who
Random Quiz
Search Sporcle
×
Quiz Lab
Quiz Lab
Television
TV Characters
Type in answers that appear in a list
Type in answers that appear in a list
Classic
Best Score? Go Orange.
The D.E.N.N.I.S System Stats
Can you name the steps of The D.E.N.N.I.S System of Seduction?
By
jose_noir
8m
6 Questions
290 Plays
290 Plays
290 Plays
Comments
Comments
Give Quiz Kudos
Give Quiz Kudos
-
- Ratings
hide this ad
Forced Order
Answers have to be entered in order
Answers have to be entered in order
Replay
Link that replays current quiz
Next Quiz
Link to next quiz in quiz playlist
You Got
0%
They Got
Avg Score
53%
Avg Friend Score
Upgrade to see
Score Distribution
Jump to the score distribution portion of the page
Score
0/6
Timer
08:00
0
Plays Today
Letter
Step
% Correct
E:
Engage physically
80%
D:
Demonstrate value
79.7%
S:
Separate entirely
56.2%
N:
Neglect emotionally
44.1%
I:
Inspire hope
43.1%
N:
Nurturing dependence
20.7%
Quiz Playlist
Details
Report
Send in Message
Add To Playlist
Classic:
Type in answers that appear in a list
Forced Order:
Answers have to be entered in order
Last Updated: Feb 16, 2017
Quiz Scoreboard
CHALLENGE
Sign Up to Join the Scoreboard
Show All
Scores
Hide
Comments
May contain spoilers
Recently Published
Colored Red Africa Blitz
by spor1
Geography
30s
Find the 'City' Movie
by crazypaving
Movies
60s
5x2 Blitz: Bands
by SL_Kpop136
Music
30s
More to Explore
Quiz From the Vault
Featured Blog Post
14 Easter Pick-up Lines to Find Eggs With
hide this ad
You Might Also Like...
Tags
Letter Quiz
Sitcom Quiz
TV Characters Quiz
TV Show Quiz
Dennis
It's Always Sunny in Philadelphia
step
System
Today's Top Quizzes in Television
Browse Television
hide this ad
Today's Top Quizzes in TV Characters
Browse TV Characters
Top Contributed Quizzes in Television
1
Survivor Journey Challenge
2
Brooklyn Nine Nine Logic Puzzle (How-To-Play)
3
Phoebe Buffay Quotes
4
Survivor Trivia
5
Total Drama Characters
6
Survivor Logic Puzzle: Heroes vs. Villains
7
One Tree Hill Logic Puzzle
8
Survivor Heroes vs. Villains Logic Puzzle
9
All US Survivor Seasons in Order
10
Adjectives in 00s TV Shows
Explore More
Trending Topics
Marvel
Anime
Crossword
Disney
NBA
Harry Potter
Kpop
Soccer
The Office
Pokémon
Song
WWE
Puzzle
Country
NFL
hide this ad
More By:
jose_noir
Quiz
Plays
Rating
Category
Featured
Created
The Black Parade
4,361
4.91
Music
Nov 21, 2009
Disney Renaissance Films (1989-1999)
3,293
4.45
Movies
Oct 8, 2009
Cartoon Network 'Cartoon Cartoons'
1,664
2.75
Television
Nov 12, 2009
The Umbrella Academy
1,460
4.08
Entertainment
Jan 16, 2010
Seether Songs By Lyrics
626
3.33
Music
Dec 1, 2009
Go to Creator's Profile
Score Distribution
Quiz Creator Spotlight
jose_noir
Follow
Send a Message
Quizzes Created
-
Created Quiz Play Count
-
More By This Creator
Popular Quizzes Today
1
Colored Red Africa Blitz
2
Find the 'City' Movie
3
5x2 Blitz: Bands
4
Find the US States - No Outlines Minefield
5
The Countries of the World
6
Find the US States
7
US States
8
Find the Countries of Europe - No Outlines Minefield
More Television Quizzes
FOX Shows by Cast Photo
Published
Trending Quizzes
Colored Red Europe Blitz I
Colored Red Africa Blitz II
Colored Red Europe Blitz II
Colored Red Africa Blitz III
Colored Red Europe Blitz III
Recently Updated
How Do You Spell That?
pecheneg
Godzilla Movies
pecheneg
Grab Bag: 4-10 Letters
pecheneg
2024 March Madness Bracket
pecheneg
Famous TV Couples
Peacemaker
Champions League XIs: Real Madrid
pecheneg
Largest US Cities 1790-2010
pecheneg
Rides in Walt Disney World
pecheneg
Most Oscar Losses (Acting)
pecheneg
Beyoncé Albums
pecheneg
Trending Topics
Harry Potter
Disney
Crossword
Kpop
Marvel
NBA
Anime
Soccer
Country
WWE
Puzzle
Pokémon
The Office
Song
NFL
Your Account Isn't Verified!
In order to create a playlist on Sporcle, you need to verify the email address you used during registration. Go to your
Sporcle Settings
to finish the process.
Report this User
Report this user for behavior that violates our
Community Guidelines
.
Details:
Send Report
Go to the Sporcle.com Mobile Site →
Comments